000 00596nam a2200193Ia 4500
008 151119s9999||||xx |||||||||||||| ||und||
082 _a28.5
082 _bGKKV30058
100 _a"संपत, सी के"
245 _aविकास रंगतदार गोष्टी
260 _a--
260 _b--
260 _c2008
600 _a"संपत, सी के"
630 _aविकास रंगतदार गोष्टी
700 _a"संपत, सी के"
730 _aविकास रंगतदार गोष्टी
942 _cBOOK
999 _c1082399
_d1082396